000 00335nam a22001457a 4500
008 221216b ||||| |||| 00| 0 eng d
020 _a9781416023166
041 _aeng
080 _2SECOND EDITION
_a61
082 _a61DAV
100 _a4
101 _aMJEKS
245 _aHEALTH INFORMATION TECHNOLOGY
_cDAVIS N
942 _2udc
_cBK
999 _c59197
_d59197